Bài toán quĩ tích dễ hay khó

Сохранить в:
Библиографические подробности
Главный автор: LÊ HẢI CHÂU
Формат:
Язык:Undetermined
Опубликовано: ĐHQG Hà Nội 2001
Метки: Добавить метку
Нет меток, Требуется 1-ая метка записи!
Thư viện lưu trữ: Trung tâm Học liệu Trường Đại học Cần Thơ
LEADER 00438nam a2200145Ia 4500
001 CTU_49976
008 210402s9999 xx 000 0 und d
082 |a 516.076 
082 |b Ch125 
100 |a LÊ HẢI CHÂU 
245 0 |a Bài toán quĩ tích dễ hay khó 
245 0 |c LÊ HẢI CHÂU, Nguyễn Xuân Quỳ 
260 |b ĐHQG Hà Nội 
260 |c 2001 
980 |a Trung tâm Học liệu Trường Đại học Cần Thơ